Balaton by Picture - Statistics

General Stats
  • This quiz has been taken 80 times
  • The average score is 8 of 15
Answer Stats
Picture Hint Answer % Correct
Petőfi Promenade Siófok
92%
Echo Tihany
90%
Festival town Zamárdi
78%
Wine region Badacsony
77%
World's second largest thermal lake Hévíz
75%
Festetics Palace Keszthely
75%
Reform Era Balatonfüred
73%
City of Queens Veszprém
55%
Lake Cave Tapolca
52%
Ferry port Szántód
38%
Citadel Szigliget
35%
Loess wall Balatonakarattya
32%
Columnar basalt Monoszló
27%
Kádár Island Balatonaliga
18%
Heart-shaped headstones Balatonudvari
12%
No matching quizzes found
Score Distribution
Percent of People with Each Score
Percentile by Number Answered
Your Score History
You have not taken this quiz